000 00859nam a2200253Ia 4500
003 OSt
005 20220923220415.0
006 a|||||r|||| 00| 0
007 ta
008 220922b |||||||| |||| 00| 0 hin d
024 _a186,411
037 _cTextual
040 _aARTS
_cARTS
_bhin
041 _2hin
_ahin
082 _aY:431.2'G, 152N4
100 _aतिवारी, देवी प्रसाद
245 0 _aप्राचीन भारत में विधवाएं
246 _aPrāchīn bhārat mean vidhavāean
260 _aलखनऊ
_b तरूण प्रकाशन
_c1994
300 _a308 पृ.
_ccm.
650 _aभारतीय-लोक साहित्य
942 _hY:431.2'G, 152N4
_cTEXL
_2CC
999 _c339655
_d339655